| 000 | 00764nam a2200229 a 4500 | ||
|---|---|---|---|
| 001 | 000024250 | ||
| 005 | 20200930022839.0 | ||
| 008 | 110125s2002 mx r 000 | spa d | ||
| 020 | _a9707020385 | ||
| 040 |
_aDO-SdBNP _bspa _cBNPHU |
||
| 082 |
_a923.7 _bF866A |
||
| 100 | 1 |
_aAraújo-Olivera, Sonia Stella _949789 |
|
| 245 | 1 | 0 |
_aPaulo Freire, pedagogo crítico / _cSonia Stella Araújo-Olivera. |
| 260 |
_aMéxico, D. F. : _bUPN, Dirección de Difusión y Extensión Universitaria, _c2002. |
||
| 300 |
_a199 p. ; _c22 cm. |
||
| 490 | 1 |
_aTextos _v31 |
|
| 500 | _aIncluye referencias bibliográficas | ||
| 600 | 1 | 4 |
_aFREIRE, PAULO, 1921-1997 _xBIOGRAFÍA _949790 |
| 650 | 4 |
_aEducación _zAmérica Latina _918826 |
|
| 830 | 0 |
_aTextos ; _v31 _914460 |
|
| 049 | _aBNGR | ||
| 999 |
_c23744 _d23744 |
||